|
|
|
|
| LEADER |
01882nam a22002537a 4500 |
| 008 |
130923b xxu||||| |||| 00| 0 eng d |
| 999 |
|
|
|c 3481
|d 3481
|
| 020 |
|
|
|a 9788126433698
|
| 082 |
|
|
|a R 398
|b VID
|
| 100 |
|
|
|a വിദ്യാസാഗര്, കെ
|
| 240 |
|
|
|a Nammude nattarivukalum pazhanchollukalum kadamkathalum
|
| 245 |
|
|
|a നമ്മുടെ നാട്ടറിവുകളും പഴഞ്ചൊല്ലുകളും കടങ്കഥകളും /
|c കെ. വിദ്യാസാഗര്
|
| 260 |
|
|
|a കോട്ടയം :
|b ഡി.സി. ബുക്സ്,
|c 2011.
|
| 300 |
|
|
|a 6 v.
|
| 500 |
|
|
|a Vol.1- Nammude prakruthi
Vol.2 -Nammude samooham
Vol.3- Nammude samskaram
Vol.4- Nammude pazhanchollukalum kadankathalum
Vol.5- Nammude sailikalum nadodipattukalum
Vol.6- Nammude nattukathakal
|
| 650 |
|
|
|a Folklore
|
| 700 |
|
|
|a Vidyasagar, K
|
| 942 |
|
|
|2 ddc
|c REF
|
| 952 |
|
|
|0 0
|1 0
|2 ddc
|4 0
|6 R_000000000000000_398_VID
|7 0
|9 4184
|a MAIN
|b MAIN
|d 2013-09-23
|e D.C Books, Kottayam
|g 3250.00
|h Vol. 1
|o R 398 VID
|p 4104
|r 2018-10-08
|w 2013-09-23
|y REF
|
| 952 |
|
|
|0 0
|1 0
|2 ddc
|4 0
|6 R_000000000000000_398_VID
|7 0
|9 4185
|a MAIN
|b MAIN
|d 2013-09-23
|e D.C Books, Kottayam
|h Vol. 2
|o R 398 VID
|p 4105
|r 2013-09-23
|w 2013-09-23
|y REF
|
| 952 |
|
|
|0 0
|1 0
|2 ddc
|4 0
|6 R_000000000000000_398_VID
|7 0
|9 4186
|a MAIN
|b MAIN
|d 2013-09-23
|e D.C Books, Kottayam
|h Vol. 3
|o R 398 VID
|p 4106
|r 2018-10-08
|w 2013-09-23
|y REF
|
| 952 |
|
|
|0 0
|1 0
|2 ddc
|4 0
|6 R_000000000000000_398_VID
|7 0
|9 4187
|a MAIN
|b MAIN
|d 2013-09-23
|e D.C Books, Kottayam
|h Vol. 4
|o R 398 VID
|p 4107
|r 2013-09-23
|w 2013-09-23
|y REF
|
| 952 |
|
|
|0 0
|1 0
|2 ddc
|4 0
|6 R_000000000000000_398_VID
|7 0
|9 4188
|a MAIN
|b MAIN
|d 2013-09-23
|e D.C Books, Kottayam
|h Vol. 5
|o R 398 VID
|p 4108
|r 2013-09-23
|w 2013-09-23
|y REF
|
| 952 |
|
|
|0 0
|1 0
|2 ddc
|4 0
|6 R_000000000000000_398_VID
|7 0
|9 4189
|a MAIN
|b MAIN
|d 2013-09-23
|e D.C Books, Kottayam
|h Vol. 6
|o R 398 VID
|p 4109
|r 2013-09-23
|w 2013-09-23
|y REF
|